01442na a2200433 450000100060000000300080000600500170001400800410003102200140007203500100008604000250009604100080012108200200012909000150014921000160016422200220018024500220020224600410022424600300026526000430029530000210033831000240035932100220038332100260040536200290043150000370046050000460049765000340054365000440057765000410062165500100066271000300067278000400070278001000074291000150084294200130085795201210087099900170099121796MIRAKIL20181226092843.0170215b tu n0 0 0  a0049-0946 a21796 aMilasbturcTR-AnCHP aeng a050bSOC -1989 a050 DER 10 aSocial. aff aSocialist affairs aSocialist affairs aSocialist affairs and Women&Politics aSocialist affairs dergisi aLondonbSocialist Internationalc-1989 ac.bres.c30 sm. a3 aylıkb1984-1987 aAylıkb1971-1972 a2 aylıkb1973-<1979> aSayı 1-2. sayı (1988)- aSol görüşlü siyasi dergi aMevcut sayılar: (1-2) 1988;(1-2) 1989  aSosyalizmxSüreli yayınlar aKadın ve sosyalizmvSüreli yayınlar aDünya siyasetivSüreli yayınlar aDergi aSocialist İnternational aSocialist International information aSocialist International Women (Organization)tSocialist International Women Bulletinx0489-3107 aDERGİ 10 2ddccSER 51a0001b0001d2017-02-07f SÜRELİ YAYINLARl0o050 DER 130pD010r2017-02-07 00:00:00v0.00w2017-02-07x ySER c11371d11371